000 00598cam a2200229 4500
008 090401t1990 xxu||||| |||| 00| 0 eng d
020 _a0951028626
035 _a(Sirsi) u30881
041 _aeng
050 _a333.33025
245 _aProperty development investment and finance yearbook 1990
250 _a2nd ed.
260 _aBushey,Herts
_bProfex Publications
_c1990
300 _a338p. ; 30cm.
350 _a65
650 _aDIRECTORIES
650 _aPROPERTY FINANCE
650 _aPROPERTY INVESTMENT
700 _aShipman, Philip.
_xEditor
942 _n0
948 _c04/03/1997
999 _c89523
_d89523